00791nam a2200241Ia 450000500170000000800410001702000150005804100080007310000390008124500690012025000220018930000250021158600380023665000310027465000430030565000400034826400270038833600270041533700330044233800280047504000350050308400110053820220316235453.0121119s2000 ck gr 000 f spa  a95804578830 aspa1 aGarcía Márquez, Gabrield1928-13aEl coronel no tiene quien le escribacGabriel García Márquez aPrimera edición a102 páginasc22 cm aPremio Nobel De Literatura, 1982 14aAutores colombianos 2LEMB14aLiteratura colombiana ySiglo XX2LEMB14aNovela colombiana ySiglo XX 2LEMB aBogotá bNormac2000 atextobtxt2rdacontent asin mediaciónbn2rdamedia avolumenbnc2rdacarrier aCO-BoRNBPbspaerdacCO-BoRNBP aN GAR2